| 000 | 00681nam a2200205Ii 4500 | ||
|---|---|---|---|
| 003 | JO-AjNU | ||
| 008 | 230605s9999||||xx |||||||||||||| ||und|| | ||
| 040 |
_aJO-AjNU _bara _erda _cJO-AjNU |
||
| 041 | _aara | ||
| 050 | 1 | 4 | _aPJ7858.Q5524 2004 |
| 100 | 3 |
_aتأليف قليمة،بيار يوسف, _eauthor _924651 |
|
| 245 | 0 | 0 | _aجميل بثينة: رائد الغزل العفيف |
| 250 | _aط1 | ||
| 264 | 3 | 1 | _aبيروت:دار الفكر العربي،2004 |
| 300 | _a112ص | ||
| 336 |
_atext _btxt _2rdacontent |
||
| 337 |
_aunmediated _bn _2rdamedia |
||
| 338 |
_avolume _bnc _2rdacarrier |
||
| 650 | 4 |
_aالشعر العربي - تاريخ ونقد - تراجم _924652 |
|
| 999 |
_aA9111 _c12679 _d12679 |
||